O meu nome é Emilia del Valle (Record no. 2004)

MARC details
000 -Etiqueta do registo
Valores 00743nam a2200265 4500
010 ## - Número ISBN
ISBN 9789720055392
021 ## - Número do Depósito Legal
Código do país Portugal
Número 545694/25
100 ## - Dados gerais de processamento
Dados gerais 20251121d2025 m||y0pory50030103ba
101 ## - Língua de publicação
Língua Português
102 ## - País de publicação
País Portugal
200 ## - Titulo e menção de responsabilidade
Título próprio O meu nome é Emilia del Valle
Primeira menção de responsabilidade Isabel Allende
Outras menções de responsabilidade trad. Carla Ribeiro
205 ## - Menção da edição
Edição 1ª edição
210 ## - Publicação
Local de publicação Porto
Nome do editor Porto Editora
Data de publicação 2025
215 ## - Descrição física 
Paginação / Volumes 327 p.
Dimensões 24 cm
300 ## - Notas gerais 
Texto da nota BMB-Registado
304 ## - Nota relativa ao título
Texto de nota Tít. orig.: Mi nombre es Emilia del Valle
606 ## - Nome comum usado como assunto
ID Autoridade 859
Palavra de ordem Literatura Chilena
606 ## - Nome comum usado como assunto
ID Autoridade 779
Palavra de ordem Romance
675 ## - CDU
Notação 821.134.2(83)-31
Edição BMB
Língua por
700 ## - Autor principal (pessoa individual)
Apelido Allende
Nome Isabel
Datas 1942-
ID Autoridade 2878
702 ## - Autor secundário (pessoa individual)
Apelido Ribeiro
Nome Carla
Função Tradutor
ID Autoridade 1189
801 ## - Fonte de origem
País PT
Agência BMB
Regras de catalogação RPC
990 ## - Elementos KOHA
Tipo de documento Livro
Holdings
Situação do levantamento Estado Número Biblioteca de origem Código de barras Cota Permissão de empréstimo Tipo de documento Forma de aquisição
    1 Biblioteca Municipal de Borba 1954 821.134.2(83)-31 ALL / MEU   Livro Compra
Biblioteca Municipal de Borba

Powered by Koha